000 00760nam a2200217 i 4500
001 122663
003 ES-MaACL
005 20251114063115.0
007 t|
008 070214s1962 sp r ||||1| spa d
100 1 _aPuig Adam, Pedro,
_d1900-1960
_994247
245 1 0 _aCurso teórico práctico de cálculo integral aplicado a la física y técnica /
_cpor P. Puig Adam.
250 _a6ª. ed.
260 _aMadrid :
_b[s.n.],
_c1962 (
_fNuevas Gráfs.)
300 _aVIII, 323 p. :
_bil. ;
_c24 cm.
490 1 _aCursos de análisis matemático para ingenieros ;
_v1
650 0 4 _aCálculo integral.
_910672
830 0 0 _aCursos de análisis matemático para ingenieros
_v1
_9218866
852 _aES-MaACL
_jA-6042
999 _c122663
_d122663